Fakul'tet ekonomiki i upravlenija proizvodstvom. V Gosudarstvennoj akademii upravlenija.

Odpovede na otázky v čom je špecifikum fakulty ekonomiky a riadenia výroby, aká je štruktúra a obsah učebného programu v uvedenej špecializácii a aké predpoklady uplatnenia sú pred prvými absolventami s diplomom "ekonóm-manažér".

Salvato in:
Dettagli Bibliografici
Autore principale: Rulev, V.M
Natura: Capitolo di libro
Lingua:russo
Soggetti:
Tags: Aggiungi Tag
Nessun Tag, puoi essere il primo ad aggiungerne!!

MARC

LEADER 00000naa a2200000 4500
001 r010556
005 20221208123048.8
041 0 |a rus 
044 |a [SU] 
245 1 0 |a Fakul'tet ekonomiki i upravlenija proizvodstvom.  |b V Gosudarstvennoj akademii upravlenija.  |c V.M. Rulev 
520 |a Odpovede na otázky v čom je špecifikum fakulty ekonomiky a riadenia výroby, aká je štruktúra a obsah učebného programu v uvedenej špecializácii a aké predpoklady uplatnenia sú pred prvými absolventami s diplomom "ekonóm-manažér". 
610 2 0 |a manažéri 
610 2 0 |a manažment 
610 2 0 |a štúdium vysokoškolské 
610 2 0 |a Moskva 
100 1 |a Rulev, V.M.